| 000 | 01681nam a2200349 c 4500 | ||
|---|---|---|---|
| 999 |
_c186517 _d186517 |
||
| 003 | BLK | ||
| 005 | 20241129115529.0 | ||
| 008 | 180411b bul|||||r ||||||| ||bul|| | ||
| 010 | _aKNG00195512000 | ||
| 040 | _aBLK | ||
| 041 |
_aBUL _cBUL |
||
| 080 |
_aЕтеричномаслени растения - Роза, жасмин, лавандула, розмарин, здравец, перуника и др. _b633.81 _x(035) _z633.81(035) |
||
| 080 |
_aЛекарствени растения _b633.88 _x(035) _z633.88(035) |
||
| 080 |
_aПриложна ботаника. Икономическа ботаника. Диворастящи лекарствени растения и др. _b581.6 _x(035) _z581.6(035) |
||
| 139 |
_aНаръчник по основните етеричномаслени и лекарствени култури _bН 26 |
||
| 245 | 1 | 0 |
_aНаръчник по основните етеричномаслени и лекарствени култури _cпод ред. на Васил М. Стайков. |
| 257 | _aBGR | ||
| 260 |
_bЗемиздат _c1974 _aСофия |
||
| 300 |
_a268 с. _bс ил. и табл. _c21 см |
||
| 380 | _a63 | ||
| 500 | _a2 600 тир. | ||
| 650 | 4 |
_aЕтеричномаслени култури _9270578 |
|
| 650 | 4 |
_aМедицински растения - наръчници и ръководства _9251135 |
|
| 700 | 1 |
_aСтайков, Васил М. _eпод ред. на _9384411 |
|
| 852 | _aЦб 74443 | ||
| 856 | 4 | _qpdf | |
| 856 | 4 | _qpdf | |
| 942 |
_cKNG _n0 _05 _s1 |
||
| 944 |
_aCR _c09.11.2016 _k30544 _lЦветелина Желева |
||
| 944 |
_aED _c09.11.2016 _kНора_Радева |
||
| 999 | _d186517 | ||